000 00621cam a2200217 4500
008 090401t1986 xxu||||| |||| 00| 0 eng d
020 _a0946700257
035 _a(Sirsi) u34668
041 _aeng
050 _a346.4104343
100 _aWaterson, G.
245 _aCourt procedure on lease renewal
260 _aLondon
_bHenry Stewart Publications
_c1986
300 _a43p. ; 22cm.
350 _a0
490 _aHenry Stewart Briefings for Surveyors
_v9
520 _aPublished jointly with Portsmouth Polytechnic Department of Surveying .
650 _aBUSINESS TENANCIES
942 _n0
948 _c04/03/1997
999 _c89978
_d89978